| 000 | 00588nam a2200217Ia 4500 | ||
|---|---|---|---|
| 005 | 20230808084318.0 | ||
| 008 | 131103s9999 xx 000 0 und d | ||
| 040 | _aLoreto College | ||
| 041 | _aEnglish | ||
| 082 |
_a909.82 _bTHO |
||
| 100 | _aThomson,David | ||
| 245 |
_aWorld History from 1914 to 1968 _cDavid Thomson |
||
| 250 | _a3rd ed. | ||
| 260 |
_aLondon _bOxford University Press _c1969 |
||
| 300 | _ax,166 p. | ||
| 504 | _aIncludes bibliographical references and index | ||
| 650 | _aHistory | ||
| 651 | _aWorld History - 1914 - 1968 | ||
| 850 | _aLCLIB | ||
| 942 | _cBK | ||
| 999 |
_c12749 _d63228 |
||